| 000 | 00419nam a22001697a 4500 | ||
|---|---|---|---|
| 003 | NUST - PNEC | ||
| 005 | 20170116181102.0 | ||
| 008 | 151003b xxu||||| |||| 00| 0 eng d | ||
| 020 | _a0071408525 | ||
| 040 | _cLIBRARY | ||
| 082 | _a629.892 MCC | ||
| 100 |
_912450 _aMcComb, Gordan |
||
| 245 |
_aConstructing robot bases _cGordan McComb |
||
| 260 | _cc.2004 | ||
| 650 |
_912451 _aRobotics _xME, EE |
||
| 942 |
_2ddc _cBK |
||
| 999 |
_c68812 _d68812 |
||